[Event "Tarragona Province-chA"]
[Site "L'Hospitalet Infant"]
[Date "2016.10.16"]
[Round "3"]
[White "Cases Arasa, Jordi"]
[Black "Baixauli Cullare, Julio"]
[Result "1/2-1/2"]
[WhiteElo "1829"]
[BlackElo "2152"]
[PlyCount "78"]
[EventDate "2016.10.02"]
[EventType "swiss"]
[EventRounds "9"]
[EventCountry "ESP"]
[SourceTitle "EXT 2018"]
[Source "ChessBase"]
[SourceDate "2017.10.13"]
[SourceVersion "1"]
[SourceVersionDate "2017.10.13"]
[SourceQuality "1"]

1. e4 g6 2. d4 Bg7 3. Nc3 d6 4. f4 Nf6 5. Nf3 0-0 6. Be2 c6 7. e5 Ne8 8. a4 b6 9. 0-0 Nc7 10. Qe1 Nd7 11. Bc4 d5 12. Be2 f5 13. Nd1 e6 14. c3 c5 15. Bd2 c4 16. Qg3 Qe8 17. Qh3 h5 18. Qg3 Bh6 19. Nf2 Kh8 20. Nh3 Rg8 21. Nhg5 Nf8 22. Qf2 Qe7 23. Qe3 Nh7 24. h4 Bd7 25. b4 cxb3 26. Rfb1 Rgb8 27. Rxb3 Qe8 28. Rba3 Bf8 29. R3a2 a5 30. Bd1 Ra7 31. Rb1 Na8 32. Rba1 Rc7 33. Qd3 Nxg5 34. Nxg5 Kg8 35. Qb1 Rc4 36. Bb3 Rc7 37. Bd1 Bc8 38. Be2 Bd7 39. Bd1 Be7 1/2-1/2

[Event "Tarragona Province-ch"]
[Site "Tarragona"]
[Date "2015.11.15"]
[Round "7"]
[White "Esplugas Esteve, Vicenc"]
[Black "Baixauli Cullare, Julio"]
[Result "1-0"]
[WhiteElo "2359"]
[BlackElo "2150"]
[PlyCount "95"]
[EventDate "2015.09.27"]
[EventType "swiss"]
[EventRounds "9"]
[EventCountry "ESP"]
[SourceTitle "EXT 2017"]
[Source "ChessBase"]
[SourceDate "2016.10.25"]
[SourceVersion "1"]
[SourceVersionDate "2016.10.25"]
[SourceQuality "1"]

1. e4 g6 2. d4 Bg7 3. c4 d6 4. Ne2 c5 5. d5 Nf6 6. Nec3 Na6 7. Bd3 Nc7 8. a3 0-0 9. 0-0 e6 10. Nd2 a6 11. a4 e5 12. a5 Rb8 13. Qa4 Bd7 14. Qa3 b5 15. axb6 Rxb6 16. Nb3 Qb8 17. Na5 Nh5 18. Bc2 Qe8 19. Ba4 Nf4 20. g3 Bxa4 21. Nxa4 Ne2+ 22. Kg2 Rb8 23. Nc6 Rb7 24. Be3 Nd4 25. Bxd4 exd4 26. Qd3 f5 27. exf5 gxf5 28. Rae1 Qh5 29. f4 Ne8 30. Re6 Rd7 31. b3 Bf6 32. Rfe1 Ng7 33. R6e2 Kh8 34. Ra2 Rb7 35. Rae2 Qf7 36. Nb2 Qc7 37. Ra1 Rb6 38. Ra3 h5 39. Qf3 Qb7 40. Na5 Qf7 41. Nc6 Re8 42. Nd3 Rxe2+ 43. Qxe2 Ne8 44. b4 cxb4 45. Ndxb4 Nc7 46. Qd3 Bg7 47. Ra2 Bf8 48. Qxd4+ 1-0

[Event "Tarragona Province-ch"]
[Site "Tarragona"]
[Date "2015.09.27"]
[Round "1"]
[White "Cases Arasa, Jordi"]
[Black "Baixauli Cullare, Julio"]
[Result "1/2-1/2"]
[WhiteElo "1973"]
[BlackElo "2150"]
[PlyCount "28"]
[EventDate "2015.09.27"]
[EventType "swiss"]
[EventRounds "9"]
[EventCountry "ESP"]
[SourceTitle "EXT 2017"]
[Source "ChessBase"]
[SourceDate "2016.10.25"]
[SourceVersion "1"]
[SourceVersionDate "2016.10.25"]
[SourceQuality "1"]

1. Nf3 g6 2. g3 Bg7 3. Bg2 d5 4. 0-0 Nf6 5. c4 dxc4 6. Qa4+ c6 7. Qxc4 0-0 8. Rd1 Nbd7 9. d4 Nb6 10. Qb3 Be6 11. Qc2 Bf5 12. Qb3 Be6 13. Qc2 Bf5 14. Qb3 Be6 1/2-1/2